000 00590cam a22001931 4500
001 ne 63000167
003 DLC
005 20260227111740.0
008 821209s1962 ua a 000 1 ararc
010 _ane 63000167
035 _a(OCoLC)9035984
040 _aPrinceton Univ. Libr.
_cWaU
_dWaU
_dDLC
042 _apremarc
050 0 0 _aPJ7814.Y93
_bM5
100 1 _aʻAyyād, Shukrī Muḥammad.
245 1 0 _aMīlād jadīd,
_bqiṣas.
_c[Taʼlīf] Shukrī Muḥammad ʻAyyād.
260 _aal-Qāhirah,
_bMaktabat al-Qāhirah al-Ḥadīthah
_c[1962?].
300 _a174 p.
_billus.
_c19 cm.
999 _c45479
_d45479